Statistics for Michigan State Quiz

Click here to take the quiz!

General Stats

  • This quiz has been taken 84 times
  • The average score is 7 of 16

Answer Stats

Hint Answer % Correct
CapitalLansing
98%
Largest CityDetroit
96%
Above is on what riverDetroit River
96%
Second largest cityGrand Rapids
90%
Above is on what riverGrand River
90%
Sixth largest cityAnn Arbor
52%
Straits between Upper and Lower PeninsulasMackinac Straits
42%
Largest city in the upper peninsulaMarquette
42%
Third largest cityWarren
37%
Fourth largest citySterling Heights
27%
Above is in what mountains?Huron Mountains
12%
Highest PointMt. Arvon
10%
River between Michigan and WisconsinMenominee River
8%
Second longest riverMuskegon River
6%
Northernmost point in MI is on what peninsulaKeeweenaw Peninsula
4%
Above is southeast of what mountainSugarloaf Mountain
2%

Score Distribution

Percentile by Number Answered

Percent of People with Each Score

Your Score History

You have not taken this quiz